ČSN 07 0016 Kotly parné a kvapalinové s organickými teplonosnými médiami
| Format: | Book |
|---|---|
| Language: | Undetermined |
| PhysicalDescription: | 9 s. |
| Published: |
Praha
ÚNM
1983
|
MARC
| LEADER | 00000nam a2200000 a 4500 | ||
|---|---|---|---|
| 001 | vtls001315783 | ||
| 003 | SK-MaSNL | ||
| 005 | 20260223214819.0 | ||
| 008 | 210928s1983 xx 0 und | ||
| 035 | |a SNK000268277 | ||
| 040 | |a SNK |b slo |c SNK |e AACR2 | ||
| 245 | 1 | |a ČSN 07 0016 Kotly parné a kvapalinové s organickými teplonosnými médiami | |
| 260 | |a Praha |b ÚNM |c 1983 | ||
| 300 | |a 9 s. | ||
| 958 | |a OND | ||
| 999 | |c 716739 |d 718669 | ||
| 952 | |t P60, <04>, [BOOK], {604} |a SNK |b SNK |y VYP |7 0 |p 17A0086049 |o snkČSN 07 0016 |0 0 |1 0 |4 0 |d 1998-01-09 |l 0 |r 2005-01-02 00:00:00 |w 2026-02-23 | ||


